| 000 | 00852nam a2200253 a 4500 | ||
|---|---|---|---|
| 999 |
_c447247 _d447247 |
||
| 003 | BLK | ||
| 005 | 20230727123524.0 | ||
| 008 | 220302b bu |||||||||| 00| | bu d | ||
| 040 | _aBLK | ||
| 041 |
_aBUL _aENG _cBUL |
||
| 080 |
_aТехнология на металите. Металообработване. Общи въпроси _b621.7/.9 _x(062) _z621.7/.9(062) |
||
| 139 |
_bЖ 61 _aЖИТИ |
||
| 245 |
_aЖИТИ _b[Русе] _h[Малотир. изд.] |
||
| 246 | _aZHITI | ||
| 260 |
_9441842 _aРусе _bб. и. _cб. г. |
||
| 300 |
_a1 л. _bс ил. _c21х29 см |
||
| 380 | _a62 | ||
| 653 | 7 |
_9190891 _aметалообработване |
|
| 653 | 0 |
_9455986 _aметални изделия |
|
| 653 | 7 |
_9194408 _aпредприятия |
|
| 852 |
_bК _cК 62/Ж 61 |
||
| 942 |
_cKNG _n0 _s1 _01 |
||
| 944 |
_aCR _c2022-03-07 _k30556 _lТеодора Пейчева-Дянкова |
||